|
|
|
|
| LEADER |
00000nab a2200000ua 4500 |
| 001 |
vtls010857413 |
| 003 |
SK-MaSNL |
| 005 |
20260303141242.0 |
| 008 |
230222s2010 xo |||||||||||||||||slo| |
| 035 |
|
|
|a (urnnbn)urn:nbn:sk:snk:ar-a07mf5
|
| 035 |
|
|
|a urn:nbn:sk:snk-ab6ga2
|
| 035 |
|
|
|a (uuid)6dfbcd98-08f6-49ed-8107-b5e5773bbff9
|
| 040 |
|
|
|a SNKBUCL
|b slo
|c SNKBUCL
|e AACR2
|
| 041 |
0 |
|
|a slo
|
| 044 |
|
|
|a xo
|c SK
|
| 100 |
1 |
|
|a Pišťanská, Ľubica
|4 aut
|9 777388
|
| 245 |
1 |
0 |
|a Nové betóny pre malé stavebné firmy
|c Ľubica Pišťanská
|
| 773 |
0 |
|
|t Stavebné materiály : technológie, výrobky, konštrukcie
|g Roč. 6, č. 9 (2010), s. 37-38
|
| 954 |
|
|
|a odborná, vedecká literatúra pôvodná (slovenská)
|2 lita
|
| 958 |
|
|
|a OND
|
| 958 |
|
|
|a EUIPO
|
| 958 |
|
|
|a article5
|
| 999 |
|
|
|c 1974979
|d 1976909
|